Fr. Conceicao Rodrigues College of Engineering

21 IOT experiments (Record no. 28737)

MARC details
000 -LEADER
fixed length control field 00272nam a2200145Ia 4500
100 ## - MAIN ENTRY--PERSONAL NAME
Personal name Kanetkar/Yashavant
245 ## - TITLE STATEMENT
Title 21 IOT experiments
260 ## - PUBLICATION, DISTRIBUTION, ETC.
Name of publisher, distributor, etc. BPB
Date of publication, distribution, etc. 2019
366 ## - TRADE AVAILABILITY INFORMATION
Publishers's discount category 20
300 ## - PHYSICAL DESCRIPTION
Extent 266
546 ## - LANGUAGE NOTE
Language note ENGLISH
650 ## - SUBJECT ADDED ENTRY--TOPICAL TERM
Topical term or geographic name entry element IOT
942 ## - ADDED ENTRY ELEMENTS (KOHA)
Koha item type BOOK
Holdings
Withdrawn status Lost status Damaged status Not for loan Collection Home library Current library Date acquired Source of acquisition Cost, normal purchase price Inventory number Total Checkouts Full call number Barcode Date due Date last seen Date last checked out Cost, replacement price Price effective from Koha item type
        CRC Fr. Agnel's C.Rodrigues College of Engineering AGNEL TECHNICAL COLLEGE LIBRARY 17/03/2023 Shroff Publishers 288.00 01463 dt 01.08.2019 2 25665 21/09/2025 11/09/2025 11/09/2025 360.00   BOOK
        CRC Fr. Agnel's C.Rodrigues College of Engineering Fr. Agnel's C.Rodrigues- College of Engineering 17/03/2023 Shroff Publishers 288.00 01463 dt 01.08.2019 1 25666   20/05/2025 06/01/2025 360.00   BOOK